000 01608cam a22004574i 4500
003 PE-LiUPU
005 20250731172924.0
008 150623s r 000 0 d
020 _a0804200319
035 _a(Sirsi) i9780804200318
040 _aPE-LiUPU
_bspa
_cPE-LiUPU
_erda
049 _aPRUA
082 0 4 _a220.601
_bH28
_221
100 1 _aHayes, John Haralson,
_eautor.
245 1 0 _aBiblical exegesis :
_ba beginner`s handbook /
_cJohn H. Hayes, Carl R. Holladay.
264 1 _aAtlanta :
_bJohn Knox press,
_c1987.
300 _a159 páginas ;
_c22 centímetros
336 _atext
_2rdacontent
337 _aunmediated
_2rdamedia
338 _avolume
_2rdacarrier
505 0 _aIntroduction exegesis. -Textual criticism. -Grammatical criticism. -Literary criticism. -Form criticism. -Tradition criticism. -Redaction criticism. -Structuralist criticism. -Canonical criticism.
526 _aSEG42
526 _aSEG41
526 _aSEG40
526 _aSEG39
526 _aP94
526 _aP87
526 _aP86
526 _aP85
526 _aP77
526 _aP76
526 _aP35
650 0 4 _aHermenéutica bíblica.
700 1 _aHolladay, Carl R.
942 _2ddc
_cBOOK
949 _a220.601 H28
_wDEWEY
_c1
_i43771
_lCCODEBUL1
_mBUL
_r0
_sY
_tBOOK
_u2015-6-24
_xTEOLOGIA
_PP35
_0COMPRA
_o.STAFF. Colección General
994 _aC0
_bPEPRU
596 _a1
999 _a220.601 H28
_wDEWEY
_c20249
_i43771
_f2021-11-9
_g5
_lCCODEBUL1
_mBUL
_r0
_sY
_tBOOK
_u2015-6-24
_xTEOLOGIA
_PP35
_0COMPRA
_o.STAFF. Colección General
_d20249
980 _81
_gALBERTO SANCHEZ Responsable de Automatización